00274 a2200109 450000100060000008200160000610000200002224500570004226000280009930000200012750000170014792168 a297.265 AZI aAziz Ahmad Khan aAllah ki Azmat aur Quraan ka Nazreya e ilm o science aLahorebAl-Faisalc1999 aviii, 240p.bPb aGeneral Book